000 00581nam a2200181Ia 4500
008 240729s9999 xx 000 0 und d
022 _a2047-6523
245 0 _aChemical Speciation & Bioavailability
260 _aUnited Kingdom
260 _bTaylor & Francis Group
650 _a Environmental pollution | Geography. Anthropology. Recreation
650 _a Environmental sciences
650 _a Environmental technology. Sanitary engineering
650 _aTechnology
856 _uhttps://doaj.org/toc/7b55589ab2624954874d0c165c986a10
942 _2ddc
942 _cDOAJEJ
999 _c66572
_d66572
945 _a1
_bMadushi Gamage
_c1
_dMadushi Gamage